[Event "Hoogeveen Open"]
[Site "Hoogeveen"]
[Date "2008.10.17"]
[Round "1"]
[White "Groenewold, Jan Joris"]
[Black "Vedder, Henk"]
[Result "0-1"]
[WhiteElo "2106"]
[BlackElo "2358"]
[PlyCount "128"]
[EventDate "2008.??.??"]

1. d4 d5 2. Nf3 Nf6 3. c4 e6 4. g3 c6 5. Qc2 b5 6. c5 Ne4 7. Bg2 Nd7 8. O-O Be7
9. Nfd2 Nxd2 10. Nxd2 f5 11. f3 Bf6 12. Nb3 a5 13. a4 Ba6 14. Be3 O-O 15. Bf2
bxa4 16. Rxa4 Bb5 17. Ra2 a4 18. Nc1 Qa5 19. Rd1 Bc4 20. Ra3 Rfb8 21. e4 fxe4
22. fxe4 Qb5 23. Bh3 Nf8 24. Rd2 e5 25. exd5 Bxd5 26. Bf1 Qa5 27. dxe5 Bxe5 28.
Rxd5 cxd5 29. Nd3 Bf6 30. Bg2 Qd8 31. Rxa4 Rxa4 32. Qxa4 Bxb2 33. Qa2 Qf6 34.
c6 Bc3 35. Nf4 Kh8 36. Nxd5 Qxc6 37. Qc2 Rb2 38. Qf5 Bf6 39. h3 Qe6 40. Qf3 Rb8
41. Nxf6 Qxf6 42. Qe4 Ne6 43. Be3 Rf8 44. Qd5 Rd8 45. Qe4 Ng5 46. Qg4 Nf7 47.
Kh2 Ne5 48. Qe4 Nd3 49. Qg4 Ne1 50. Bg5 Qf2 51. Qe4 Rf8 52. Bf4 h6 53. Kh1 Nxg2
54. Qxg2 Qe1+ 55. Qg1 Qe2 56. Qg2 Qd3 57. Qc6 Rd8 58. h4 Rd5 59. Qe8+ Kh7 60.
Kg2 Rc5 61. Qa8 Rc2+ 62. Kh3 Qf5+ 63. g4 Qxf4 64. Qa1 Qe3# 0-1

[Event "Hoogeveen Open"]
[Site "Hoogeveen"]
[Date "2008.10.17"]
[Round "1"]
[White "Vul, Arkadi Eremeevich"]
[Black "Potze, Rudolf"]
[Result "1-0"]
[WhiteElo "2351"]
[BlackElo "2105"]
[PlyCount "79"]
[EventDate "2008.??.??"]

1. Nf3 Nf6 2. c4 g6 3. g3 Bg7 4. Bg2 d5 5. d4 O-O 6. O-O c6 7. cxd5 cxd5 8. Ne5
e6 9. Nc3 Nfd7 10. f4 Nb6 11. b3 f6 12. Nf3 Rf7 13. Ba3 Nc6 14. Qd2 Bf8 15. Bc5
Nd7 16. Bxf8 Nxf8 17. Rac1 Bd7 18. e4 Ne7 19. exd5 Nxd5 20. Nxd5 exd5 21. Qb4
Bc6 22. Rfe1 Qd7 23. Qc3 Re8 24. Qc5 a6 25. Bf1 Rxe1 26. Nxe1 Ne6 27. Qc3 Nc7
28. a4 Re7 29. Nd3 Re3 30. Kf2 Qe7 31. Qd2 Re6 32. Nc5 Rd6 33. Qe3 Qf7 34. Qc3
Bd7 35. Nxb7 Rc6 36. Nc5 Bf5 37. b4 Be4 38. b5 axb5 39. axb5 Nxb5 40. Bxb5 1-0

[Event "Hoogeveen Open"]
[Site "Hoogeveen"]
[Date "2008.10.17"]
[Round "1"]
[White "Mellema, Andries"]
[Black "Van de Oudeweetering, Arth"]
[Result "0-1"]
[WhiteElo "2097"]
[BlackElo "2350"]
[PlyCount "80"]
[EventDate "2008.??.??"]

1. e4 e5 2. Nc3 Nf6 3. g3 d5 4. exd5 Nxd5 5. Bg2 Nxc3 6. bxc3 Bd6 7. Ne2 O-O 8.
O-O Nc6 9. d3 Bg4 10. h3 Bh5 11. Rb1 Rb8 12. Qd2 f5 13. f4 Qd7 14. Kh2 Rbe8 15.
fxe5 Bxe2 16. Qxe2 Nxe5 17. Qf2 b6 18. Bf4 Ng6 19. Bxd6 Qxd6 20. Qf3 Kh8 21.
Rbe1 Rxe1 22. Rxe1 f4 23. d4 fxg3+ 24. Qxg3 Nf4 25. Kh1 g6 26. Rf1 Rf5 27. Qe3
Kg7 28. Qg3 Nxg2 29. Qxd6 Rxf1+ 30. Kxg2 cxd6 31. Kxf1 Kf6 32. Kf2 Kf5 33. Kf3
b5 34. a3 g5 35. Kg3 h5 36. Kf3 a6 37. Kg3 Ke4 38. Kf2 Kf4 39. Kg2 Ke3 40. Kg3
Kd2 0-1

[Event "Hoogeveen Open"]
[Site "Hoogeveen"]
[Date "2008.10.17"]
[Round "1"]
[White "De Jong, Migchiel"]
[Black "Goudriaan, Etienne"]
[Result "0-1"]
[WhiteElo "2349"]
[BlackElo "2088"]
[PlyCount "80"]
[EventDate "2008.??.??"]

1. e4 c5 2. Nf3 d6 3. d4 cxd4 4. Nxd4 Nf6 5. Nc3 a6 6. Be3 e6 7. g4 e5 8. Nf5
h5 9. gxh5 d5 10. Bg5 d4 11. Bxf6 gxf6 12. Ne2 Bxf5 13. exf5 Rg8 14. Qd3 Qd5
15. f3 Nd7 16. Ng3 Nc5 17. Qd2 Rd8 18. Bg2 Qc4 19. b3 Qb5 20. Kf2 d3 21. Rhd1
Qb6 22. Kf1 Rd7 23. c3 Rh8 24. b4 Na4 25. Ne4 Rxh5 26. Qf2 Qxf2+ 27. Kxf2 Ke7
28. Bf1 Nb2 29. Rd2 Rxh2+ 30. Ke1 Rxd2 31. Nxd2 Bh6 32. c4 Bf4 33. Bg2 Bxd2+
34. Kxd2 Nxc4+ 35. Kc3 d2 36. Kxc4 d1=Q 37. Rxd1 Rxd1 38. f4 b6 39. fxe5 fxe5
40. Bb7 Rd4+ 0-1

[Event "Hoogeveen Open"]
[Site "Hoogeveen"]
[Date "2008.10.17"]
[Round "1"]
[White "Ducarmon, Quinten"]
[Black "Strating, Sybolt"]
[Result "1/2-1/2"]
[WhiteElo "2083"]
[BlackElo "2335"]
[PlyCount "85"]
[EventDate "2008.??.??"]

1. e4 c6 2. d4 d5 3. exd5 cxd5 4. c4 Nf6 5. Nc3 e6 6. Nf3 Bb4 7. Bd3 O-O 8. O-O
dxc4 9. Bxc4 a6 10. a3 Bxc3 11. bxc3 Qc7 12. Qd3 b5 13. Bb3 Nbd7 14. a4 Bb7 15.
Bg5 Rac8 16. Rac1 Qd6 17. axb5 axb5 18. Rfe1 b4 19. Ne5 Nxe5 20. Rxe5 Nd7 21.
Re3 Rxc3 22. Rxc3 bxc3 23. Qxc3 Rc8 24. Qd2 Bd5 25. Bd1 f6 26. Bh4 Qc6 27. f3
Nb6 28. Qe1 Qc1 29. Bf2 Qa1 30. Qd2 Rc1 31. Re1 Nc4 32. Qe2 Nd6 33. Qd2 Nc4 34.
Qe2 h6 35. Bb3 Rb1 36. Bxc4 Bxc4 37. Rxb1 Qxb1+ 38. Qe1 Qd3 39. Be3 Kh7 40. Bf2
f5 41. Qa1 f4 42. Qe1 Bd5 43. Qf1 1/2-1/2

[Event "Hoogeveen Open"]
[Site "Hoogeveen"]
[Date "2008.10.17"]
[Round "1"]
[White "Vedder, Richard"]
[Black "Haast, Anne"]
[Result "0-1"]
[WhiteElo "2334"]
[BlackElo "2054"]
[PlyCount "86"]
[EventDate "2008.??.??"]

1. e4 e5 2. Nf3 Nc6 3. Bb5 a6 4. Ba4 Nf6 5. O-O Be7 6. Re1 b5 7. Bb3 O-O 8. d4
d6 9. c3 Bg4 10. d5 Na5 11. Bc2 c6 12. dxc6 Qc7 13. h3 Bc8 14. a4 Qxc6 15. Na3
Bb7 16. axb5 axb5 17. Bd3 Nc4 18. Nc2 Rxa1 19. Nxa1 Rd8 20. Qe2 d5 21. exd5
Rxd5 22. Bg5 Nh5 23. Bxc4 bxc4 24. Bxe7 Nf4 25. Qe4 f6 26. Nc2 Qc8 27. Ne3 Rd7
28. Qxc4+ Qxc4 29. Nxc4 Rxe7 30. Kh2 Rd7 31. Ra1 Bxf3 32. gxf3 Rd3 33. Kg3 Ne2+
34. Kg2 Nf4+ 35. Kg3 Ne2+ 36. Kg4 h5+ 37. Kxh5 Rxf3 38. Ne3 Kh7 39. Nd5 Rxf2
40. b4 Nf4+ 41. Nxf4 Rxf4 42. Ra7 e4 43. b5 e3 0-1

[Event "Hoogeveen Open"]
[Site "Hoogeveen"]
[Date "2008.10.17"]
[Round "1"]
[White "Mostertman, Milan"]
[Black "Humphrey, Jonathan"]
[Result "1-0"]
[WhiteElo "2044"]
[BlackElo "2330"]
[PlyCount "67"]
[EventDate "2008.??.??"]

1. e4 c5 2. Nf3 e6 3. d4 cxd4 4. Nxd4 a6 5. Nc3 b5 6. a3 Qc7 7. Bd3 Nf6 8. O-O
Bb7 9. Kh1 Be7 10. Be3 d5 11. exd5 Nxd5 12. Nxd5 Bxd5 13. Qg4 O-O 14. Be4 Bxe4
15. Qxe4 Nd7 16. f4 Nf6 17. Qf3 Rac8 18. c3 Qc4 19. Bg1 Rc7 20. Rfe1 g6 21.
Rad1 Qd5 22. Qg3 Rd7 23. Nxe6 Qxd1 24. Nxf8 Bxf8 25. Rxd1 Rxd1 26. Qe3 Rb1 27.
b4 Ra1 28. h3 Rxa3 29. Qe5 Nh5 30. Bc5 Ng7 31. Bxf8 Kxf8 32. c4 bxc4 33. b5 Rb3
34. bxa6 1-0

[Event "Hoogeveen Open"]
[Site "Hoogeveen"]
[Date "2008.10.17"]
[Round "1"]
[White "Pel, Bonno"]
[Black "Sparenberg, Erik"]
[Result "1-0"]
[WhiteElo "2324"]
[BlackElo "2041"]
[PlyCount "77"]
[EventDate "2008.??.??"]

1. g3 g6 2. Bg2 Bg7 3. d3 Nf6 4. f4 d5 5. Nf3 c6 6. O-O Qb6+ 7. e3 O-O 8. Nc3
Nbd7 9. Kh1 Ng4 10. Qe1 f5 11. h3 Ngf6 12. b3 Nh5 13. d4 Ndf6 14. Ne5 Ne8 15.
Na4 Qc7 16. c4 e6 17. Ba3 Nd6 18. Rc1 Qd8 19. Rc2 Re8 20. Nc3 Nf6 21. Bxd6 Qxd6
22. g4 b6 23. gxf5 exf5 24. cxd5 Ba6 25. dxc6 Bxf1 26. Qxf1 Qb4 27. Nb5 Kh8 28.
Nc7 Nh5 29. Kh2 Bxe5 30. dxe5 Qe7 31. Nxa8 Rxa8 32. Bf3 Ng7 33. Rd2 Qc5 34. c7
Rg8 35. Qc4 Qxe3 36. Qxg8+ Kxg8 37. c8=Q+ Kf7 38. Rd7+ Ke6 39. Qc6# 1-0

[Event "Hoogeveen Open"]
[Site "Hoogeveen"]
[Date "2008.10.17"]
[Round "1"]
[White "Ten Vergert, Paul"]
[Black "Tan, Matthew"]
[Result "1/2-1/2"]
[WhiteElo "1980"]
[BlackElo "2321"]
[PlyCount "76"]
[EventDate "2008.??.??"]

1. e4 e6 2. d4 d5 3. Nc3 Bb4 4. exd5 exd5 5. Bd3 Qf6 6. Nge2 Ne7 7. O-O c6 8.
Bf4 Ng6 9. Re1 O-O 10. Bg3 Bg4 11. a3 Ba5 12. f3 Bf5 13. Bxf5 Qxf5 14. b4 Bb6
15. Na4 Nd7 16. Nc5 Bxc5 17. dxc5 Rfe8 18. Nd4 Qg5 19. Qd3 Qf6 20. Rad1 Rxe1+
21. Rxe1 Nde5 22. Qb3 Nc4 23. c3 a6 24. a4 h5 25. Qb1 h4 26. Bc7 Rc8 27. Bb6
Nge5 28. Qf5 Qxf5 29. Nxf5 Re8 30. Nxh4 g5 31. f4 gxh4 32. fxe5 Nxe5 33. Re3 f6
34. g4 Kf7 35. h3 Rg8 36. Bc7 Nc4 37. Re2 Rg7 38. Bf4 Rg8 1/2-1/2

[Event "Hoogeveen Open"]
[Site "Hoogeveen"]
[Date "2008.10.17"]
[Round "1"]
[White "Afek, Yochanan"]
[Black "Van der Velde, Wytse"]
[Result "1-0"]
[WhiteElo "2319"]
[BlackElo "1978"]
[PlyCount "77"]
[EventDate "2008.??.??"]

1. e4 e5 2. Nf3 Nc6 3. Nc3 Nf6 4. d4 exd4 5. Nxd4 Bb4 6. Nxc6 bxc6 7. Bd3 d5 8.
exd5 cxd5 9. O-O O-O 10. Bg5 c6 11. Ne2 Bg4 12. c3 Bd6 13. Qa4 Qd7 14. Bxf6
gxf6 15. Ng3 Rfe8 16. Qc2 h6 17. h3 Be6 18. Nh5 Qd8 19. Qd2 Bf8 20. Qf4 f5 21.
Qe5 Qb8 22. Qd4 c5 23. Qh4 Be7 24. Nf6+ Bxf6 25. Qxf6 Qf4 26. Rae1 Qg5 27. Qe5
Rab8 28. f4 Qg7 29. b3 c4 30. Bc2 Qxe5 31. Rxe5 cxb3 32. Bxb3 Rbc8 33. Rf3 Rc5
34. c4 Rec8 35. cxd5 Rc1+ 36. Kh2 Bd7 37. Re7 Bb5 38. d6 Bc4 39. d7 1-0

[Event "Hoogeveen Open"]
[Site "Hoogeveen"]
[Date "2008.??.??"]
[Round "2"]
[White "Kaplan, Sasha"]
[Black "Negi, Parimarjan"]
[Result "1/2-1/2"]
[WhiteElo "2425"]
[BlackElo "2597"]
[PlyCount "47"]
[EventDate "2008.??.??"]

1. e4 e5 2. Nf3 Nc6 3. Bb5 a6 4. Ba4 Nf6 5. O-O Be7 6. Re1 b5 7. Bb3 O-O 8. h3
Bb7 9. d3 Re8 10. Nbd2 Bf8 11. c3 Na5 12. Bc2 d5 13. exd5 Qxd5 14. b4 Nc6 15.
a4 Rad8 16. axb5 axb5 17. Ne4 Nxe4 18. dxe4 Qxd1 19. Rxd1 Rxd1+ 20. Bxd1 Ne7
21. Bc2 Nc8 22. Be3 Nd6 23. Nd2 Ra8 24. Rxa8 1/2-1/2

[Event "Hoogeveen Open"]
[Site "Hoogeveen"]
[Date "2008.10.18"]
[Round "2"]
[White "Kempinski, Robert"]
[Black "Spoelman, Wouter"]
[Result "1/2-1/2"]
[WhiteElo "2595"]
[BlackElo "2459"]
[PlyCount "106"]
[EventDate "2008.??.??"]

1. c4 Nf6 2. Nf3 b6 3. g3 Bb7 4. Bg2 e6 5. d4 Be7 6. O-O O-O 7. Re1 a5 8. Nc3
Ne4 9. Ne5 Nxc3 10. bxc3 Bxg2 11. Kxg2 c6 12. e4 d6 13. Nd3 d5 14. exd5 exd5
15. cxd5 Qxd5+ 16. Qf3 Qxf3+ 17. Kxf3 Bf6 18. Rb1 Nd7 19. a4 Rfc8 20. Be3 b5
21. Rec1 Rab8 22. Bf4 Rb6 23. Rb3 bxa4 24. Ra3 Rb5 25. Rxa4 Nb6 26. Ra2 h5 27.
h4 Be7 28. c4 Rb3 29. Ke2 a4 30. Kd2 Rd8 31. Be3 Bf6 32. c5 Bxd4 33. Bxd4 Rxd4
34. cxb6 Rdxd3+ 35. Ke2 Rd6 36. Rxa4 Rxb6 37. Rc2 g6 38. Ra7 Re6+ 39. Kf1 Rb1+
40. Kg2 Rd1 41. Rc7 Rdd6 42. Rc8+ Kg7 43. Rc3 Rf6 44. Rc2 Kh7 45. Kg1 Kg7 46.
Kg2 Rfe6 47. Rc3 f5 48. Rc7+ Kf8 49. Kf3 Ke8 50. Kf4 Kd8 51. Rg7 Re7 52. Rg8+
Re8 53. Rg7 Re7 1/2-1/2

[Event "Hoogeveen Open"]
[Site "Hoogeveen"]
[Date "2008.??.??"]
[Round "2"]
[White "Gupta, Abhijeet"]
[Black "Brandenburg, Daan"]
[Result "1-0"]
[WhiteElo "2580"]
[BlackElo "2436"]
[PlyCount "43"]
[EventDate "2008.??.??"]

1. d4 Nf6 2. c4 c5 3. d5 b5 4. cxb5 a6 5. e3 axb5 6. Bxb5 Qa5+ 7. Nc3 Bb7 8.
Nge2 Bxd5 9. O-O Bc6 10. Qd3 Bxb5 11. Nxb5 d5 {Diagram #} 12. b4 cxb4 13. Qc2
Kd7 14. Ned4 e6 15. Bb2 Be7 16. Rfc1 Rd8 17. a4 Qb6 18. a5 Qb7 19. Qa4 Bd6 20.
Nxd6+ Kxd6 21. Nb5+ Kd7 22. Rc7+ 1-0

[Event "Hoogeveen Open"]
[Site "Hoogeveen"]
[Date "2008.10.18"]
[Round "2"]
[White "Slingerland, Fred"]
[Black "Ernst, Sipke"]
[Result "1/2-1/2"]
[WhiteElo "2373"]
[BlackElo "2576"]
[PlyCount "82"]
[EventDate "2008.??.??"]

1. e4 e5 2. Nf3 Nc6 3. d4 exd4 4. Nxd4 Nf6 5. Nxc6 bxc6 6. e5 Qe7 7. Qe2 Nd5 8.
c4 Nb6 9. Nc3 Qe6 10. Qe4 Bb7 11. Bd3 O-O-O 12. O-O f6 13. exf6 Qxf6 14. Qf4
Be7 15. Bd2 Ba6 16. b3 d5 17. Rfe1 Rhf8 18. Bxh7 dxc4 19. Rab1 Qxf4 20. Bxf4
Bb4 21. Be5 Nd7 22. a3 Bxa3 23. bxc4 Bxc4 24. Bg3 Nb6 25. h4 a5 26. Ne4 Kb7 27.
Ng5 Rfe8 28. Bg6 Rxe1+ 29. Rxe1 Bb2 30. Rb1 Bd4 31. Nf3 Bf6 32. Be5 Rf8 33.
Bxf6 Rxf6 34. h5 a4 35. Ne5 Bd5 36. Nd3 a3 37. Nb4 Bg8 38. Ra1 Rf4 39. Nd3 Rd4
40. Nc5+ Kc8 41. Rxa3 Rc4 1/2-1/2

[Event "Hoogeveen Open"]
[Site "Hoogeveen"]
[Date "2008.??.??"]
[Round "2"]
[White "Ikonnikov, Vyacheslav"]
[Black "Diamant, Andre"]
[Result "1-0"]
[WhiteElo "2571"]
[BlackElo "2412"]
[PlyCount "77"]
[EventDate "2008.??.??"]

1. d4 Nf6 2. Nf3 e6 3. c4 Bb4+ 4. Bd2 Qe7 5. g3 Nc6 6. Bg2 Bxd2+ 7. Nbxd2 d6 8.
O-O e5 9. d5 Nb8 10. e4 a5 11. Ne1 h5 12. h4 O-O 13. Nd3 Na6 14. a3 Nc5 15.
Nxc5 dxc5 16. Qe2 a4 17. Nb1 Bg4 18. Qe3 b6 19. f3 Bd7 20. Qg5 Rfe8 21. Nc3 g6
22. Rad1 Qd6 23. f4 Nh7 24. Qh6 Qf8 25. Qxf8+ Nxf8 26. f5 Red8 27. Rd2 Be8 28.
fxg6 fxg6 29. Bh3 Bd7 30. Kg2 Nh7 31. Rdf2 Bxh3+ 32. Kxh3 Rd7 33. g4 hxg4+ 34.
Kxg4 Kg7 35. h5 gxh5+ 36. Kxh5 Rd6 37. Rf7+ Kg8 38. Nb5 Rdd8 39. Kh6 1-0

[Event "Hoogeveen Open"]
[Site "Hoogeveen"]
[Date "2008.10.18"]
[Round "2"]
[White "Nijboer, Friso"]
[Black "Bykhovsky, Anatoly A"]
[Result "1-0"]
[WhiteElo "2540"]
[BlackElo "2364"]
[PlyCount "67"]
[EventDate "2008.??.??"]

1. e4 e5 2. Nf3 Nc6 3. Bb5 a6 4. Ba4 Nf6 5. O-O Be7 6. Re1 b5 7. Bb3 d6 8. c3
O-O 9. h3 Na5 10. Bc2 c5 11. d4 Nd7 12. d5 Nb6 13. Nbd2 f5 14. exf5 Bxf5 15.
Bxf5 Rxf5 16. Ne4 Qd7 17. b3 Raf8 18. Nh2 Nb7 19. Be3 Bd8 20. Nf1 R5f7 21. Nfg3
Bh4 22. Re2 Bxg3 23. Nxg3 Rf6 24. Rd2 Rg6 25. Qe2 Nd8 26. a4 Qf7 27. axb5 axb5
28. Qd1 Qb7 29. Ra5 Na8 30. b4 c4 31. Qa1 Nc7 32. Ra7 Qb8 33. Qa5 Rf7 34. Bb6
1-0

[Event "Hoogeveen Open"]
[Site "Hoogeveen"]
[Date "2008.10.18"]
[Round "2"]
[White "Van de Oudeweetering, Arth"]
[Black "Romanishin, Oleg M"]
[Result "0-1"]
[WhiteElo "2350"]
[BlackElo "2532"]
[PlyCount "64"]
[EventDate "2008.??.??"]

1. e4 e5 2. Nf3 Nc6 3. Bb5 a6 4. Bxc6 dxc6 5. Nc3 Qd6 6. d4 exd4 7. Nxd4 Qg6 8.
O-O Bd7 9. Qe2 O-O-O 10. Be3 Nh6 11. f3 Bd6 12. Nb3 Rhe8 13. Qf2 f5 14. Nc5 Qh5
15. h3 f4 16. Bd4 {Diagram #} Bxh3 17. gxh3 Bxc5 18. Bxc5 Re5 19. Rfd1 Rg5+ 20.
Kf1 Rxd1+ 21. Rxd1 Rxc5 22. Ke2 b6 23. Qd4 Nf7 24. Qxg7 Rg5 25. Qf8+ Kb7 26.
Rf1 Rg2+ 27. Kd1 Qe5 28. Kc1 Nd6 29. a4 b5 30. axb5 axb5 31. Kb1 b4 32. Na4 Qb5
0-1

[Event "Hoogeveen Open"]
[Site "Hoogeveen"]
[Date "2008.10.18"]
[Round "2"]
[White "Pavlovic, Milos"]
[Black "Vul, Arkadi Eremeevich"]
[Result "1/2-1/2"]
[WhiteElo "2524"]
[BlackElo "2351"]
[PlyCount "46"]
[EventDate "2008.??.??"]

1. d4 d5 2. Nf3 Nf6 3. c4 e6 4. Nc3 c6 5. g3 dxc4 6. Bg2 b5 7. O-O Bb7 8. Ne5
Nd5 9. a4 a6 10. e4 Nxc3 11. bxc3 Nd7 12. f4 Be7 13. Ng4 Qc7 14. Be3 Nb6 15. f5
exf5 16. Bf4 Qc8 17. exf5 f6 18. Qe2 Qd7 19. Rae1 Kd8 20. Nf2 Nd5 21. Ne4 Nxf4
22. Rxf4 Kc7 23. a5 Rae8 1/2-1/2

[Event "Hoogeveen Open"]
[Site "Hoogeveen"]
[Date "2008.10.18"]
[Round "2"]
[White "Mekhitarian, Krikor Sevag"]
[Black "Pel, Bonno"]
[Result "1-0"]
[WhiteElo "2511"]
[BlackElo "2324"]
[PlyCount "77"]
[EventDate "2008.??.??"]

1. e4 d6 2. d4 Nf6 3. Nc3 g6 4. Be3 c6 5. h3 Nbd7 6. Nf3 e5 7. Qd2 b5 8. Bd3
Bb7 9. O-O Bg7 10. dxe5 dxe5 11. Ne2 Qe7 12. a4 Nc5 13. Bxc5 Qxc5 14. b4 Qe7
15. Ng3 O-O 16. c3 Rfd8 17. Qe2 a6 18. Rfb1 Ne8 19. Nf1 Nc7 20. Ne3 Rd7 21. g3
f5 22. Bc2 c5 23. bxc5 Qxc5 24. Bb3+ Kh8 25. Ng5 f4 26. Nf1 fxg3 27. Nxg3 Rf8
28. Rd1 Rxd1+ 29. Rxd1 Qxc3 30. Nf7+ Kg8 31. Ba2 Bc8 32. Rd6 bxa4 33. Nf5 Bxf5
34. exf5 Nb5 35. fxg6 Nxd6 36. gxh7+ Kxh7 37. Qh5+ Kg8 38. Nh6+ Kh7 39. Nf5+
1-0

[Event "Hoogeveen Open"]
[Site "Hoogeveen"]
[Date "2008.10.18"]
[Round "2"]
[White "Van Assendelft, Floris"]
[Black "Haslinger, Stewart"]
[Result "0-1"]
[WhiteElo "2253"]
[BlackElo "2506"]
[PlyCount "78"]
[EventDate "2008.??.??"]

1. e4 e5 2. Nf3 Nc6 3. Bb5 a6 4. Ba4 Nf6 5. O-O Be7 6. Re1 b5 7. Bb3 d6 8. c3
O-O 9. h3 Na5 10. Bc2 c5 11. d4 Qc7 12. Nbd2 Bd7 13. Nf1 Nc4 14. b3 Nb6 15. Bg5
c4 16. Rc1 a5 17. Ne3 cxb3 18. Bxb3 a4 19. dxe5 dxe5 20. Bxf6 Bxf6 21. Nd5 Nxd5
22. Bxd5 Rac8 23. c4 Qa7 24. cxb5 Bxb5 25. Qd2 h6 26. Qb4 Rb8 27. Qd6 Rfd8 28.
Rc7 Qxf2+ 29. Kxf2 Rxd6 30. Bxf7+ Kf8 31. Bd5 Bd7 32. Re2 Rb1 33. Re1 Rb2+ 34.
Re2 Rb1 35. Re1 Rb2+ 36. Re2 a3 37. Ra7 Bb5 38. Nd2 Bxe2 39. Kxe2 Bg5 0-1

[Event "Hoogeveen Open"]
[Site "Hoogeveen"]
[Date "2008.10.18"]
[Round "2"]
[White "Algra, Jouke"]
[Black "Di Berardino, Diego Rafael"]
[Result "0-1"]
[WhiteElo "2113"]
[BlackElo "2502"]
[PlyCount "84"]
[EventDate "2008.??.??"]

1. d4 d5 2. Bf4 Nf6 3. e3 Bg4 4. Nf3 Nbd7 5. h3 Bh5 6. Be2 e6 7. O-O Be7 8.
Nbd2 O-O 9. c4 c6 10. c5 a5 11. b3 b6 12. cxb6 Qxb6 13. Ne5 Bxe2 14. Qxe2 Nxe5
15. Bxe5 Nd7 16. Bh2 c5 17. Nf3 Rfc8 18. Rfc1 cxd4 19. exd4 Nf6 20. Rc2 Ba3 21.
Rd1 Ne4 22. Qd3 Qb7 23. Ne1 Bb4 24. f3 Nc3 25. Ra1 Nb5 26. Bf4 Bc3 27. Rac1
Bxd4+ 28. Kf1 Rxc2 29. Rxc2 e5 30. Bd2 h6 31. a4 Nd6 32. f4 Ne4 33. Nf3 Ng3+
34. Ke1 e4 35. Qxd4 exf3 36. gxf3 Re8+ 37. Kf2 Nf5 38. Qd3 Qb6+ 39. Kg2 Qg6+
40. Kf2 Qg3+ 41. Kf1 Qxh3+ 42. Kf2 Qh2+ 0-1

[Event "Hoogeveen Open"]
[Site "Hoogeveen"]
[Date "2008.10.18"]
[Round "2"]
[White "Van der Wiel, John TH"]
[Black "Afek, Yochanan"]
[Result "1/2-1/2"]
[WhiteElo "2501"]
[BlackElo "2319"]
[PlyCount "57"]
[EventDate "2008.??.??"]

1. e4 c5 2. Nc3 g6 3. d4 cxd4 4. Qxd4 Nf6 5. Nf3 Nc6 6. Qa4 d6 7. e5 dxe5 8.
Nxe5 Qd4 9. Qxd4 Nxd4 10. Bd3 Bf5 11. Nb5 Nxb5 12. Bxb5+ Nd7 13. Bf4 f6 14.
Nxd7 Bxd7 15. Bxd7+ Kxd7 16. O-O-O+ Kc6 17. Rd3 e5 18. Be3 Rg8 19. Rhd1 Rg7 20.
Rc3+ Kb5 21. Bh6 Rf7 22. Bxf8 Raxf8 23. Rd6 b6 24. Rcc6 f5 25. c4+ Ka6 26. c5
Rb8 27. Kc2 e4 28. a4 Ka5 29. b3 1/2-1/2

[Event "Hoogeveen Open"]
[Site "Hoogeveen"]
[Date "2008.10.18"]
[Round "2"]
[White "Goudriaan, Etienne"]
[Black "Agamaliev, Gamil"]
[Result "0-1"]
[WhiteElo "2088"]
[BlackElo "2479"]
[PlyCount "64"]
[EventDate "2008.??.??"]

1. d4 Nf6 2. Nf3 g6 3. c4 Bg7 4. Nc3 O-O 5. e4 d6 6. Be2 Bg4 7. Be3 Nfd7 8. O-O
c5 9. d5 Na6 10. Nd2 Bxe2 11. Qxe2 Nc7 12. Rab1 a6 13. Rfc1 b5 14. b4 cxb4 15.
Rxb4 a5 16. Rxb5 Nxb5 17. Nxb5 a4 18. Nf3 Qa5 19. Nfd4 Nb8 20. Bd2 Qb6 21. Be3
Qb7 22. Qg4 Rc8 23. Qg3 Nd7 24. Qg4 a3 25. Qe2 Bxd4 26. Nxd4 Qb2 27. Qd1 Ne5
28. Rc2 Qb4 29. Bd2 Qb6 30. Be3 Qb4 31. Bd2 Qa4 32. Bc3 Rxc4 0-1

[Event "Hoogeveen Open"]
[Site "Hoogeveen"]
[Date "2008.10.18"]
[Round "2"]
[White "Hort, Vlastimil"]
[Black "Meurs, Tom"]
[Result "1-0"]
[WhiteElo "2478"]
[BlackElo "2110"]
[PlyCount "79"]
[EventDate "2008.??.??"]

1. Nf3 d5 2. c4 dxc4 3. Na3 a6 4. Nxc4 b5 5. Ne3 Bb7 6. g3 e6 7. Bg2 Nf6 8. b3
Nbd7 9. Bb2 Be7 10. O-O O-O 11. Qc2 c5 12. Rac1 Rc8 13. Qb1 Qb6 14. Qa1 Rfd8
15. d3 Nb8 16. h3 Nc6 17. Ng4 Nxg4 18. hxg4 Bf8 19. Rc2 Qa7 20. Rfc1 Nb4 21.
Rd2 Nc6 22. g5 Rd7 23. Bc3 Rcd8 24. Rdc2 Qa8 25. Nd2 Nd4 26. Bxd4 cxd4 27. Bxb7
Rxb7 28. Qb2 h6 29. gxh6 g6 30. Rc6 Bxh6 31. R1c5 Bf8 32. Rc2 Rbd7 33. Ne4 Be7
34. Qc1 Kg7 35. Qf4 Rd5 36. Rc7 Rf5 37. Qc1 Bd6 38. Rc8 Rxc8 39. Rxc8 Qd5 40.
Rd8 1-0

[Event "Hoogeveen Open"]
[Site "Hoogeveen"]
[Date "2008.10.18"]
[Round "2"]
[White "Haast, Anne"]
[Black "Neelotpal, Das"]
[Result "0-1"]
[WhiteElo "2054"]
[BlackElo "2477"]
[PlyCount "96"]
[EventDate "2008.??.??"]

1. e4 c5 2. Nf3 e6 3. d4 cxd4 4. Nxd4 a6 5. Bd3 Qb6 6. Nb3 Qc7 7. Be3 Nf6 8. f3
Nc6 9. Nc3 b5 10. a4 b4 11. Ne2 d5 12. Nf4 Bd6 13. Qc1 dxe4 14. Bxe4 O-O 15.
O-O Nxe4 16. fxe4 Ne7 17. Qd2 Bb7 18. Rad1 Rad8 19. Qf2 Nc8 20. Nc5 Rfe8 21.
Nh5 Bxh2+ 22. Kh1 Be5 23. Bd4 f6 24. Nxb7 Bxd4 25. Rxd4 Rxd4 26. Qxd4 Qxb7 27.
Rf3 Qf7 28. Ng3 a5 29. Qc5 Qa7 30. Qc6 Kf7 31. e5 Ne7 32. Qc4 Rc8 33. Qd3 f5
34. Ne4 Kg8 35. Nd6 Rc5 36. Nb5 Qb8 37. Qd6 Qxd6 38. exd6 Nc6 39. c3 bxc3 40.
Rxc3 Rxc3 41. bxc3 Kf7 42. Kg1 Ke8 43. c4 Kd7 44. Kf2 Ne5 45. c5 Nd3+ 46. Ke3
Nxc5 47. Kd4 Nxa4 48. Ke5 Nb6 0-1

[Event "Hoogeveen Open"]
[Site "Hoogeveen"]
[Date "2008.10.18"]
[Round "2"]
[White "Robson, Ray"]
[Black "Mostertman, Milan"]
[Result "1-0"]
[WhiteElo "2466"]
[BlackElo "2044"]
[PlyCount "71"]
[EventDate "2008.??.??"]

1. e4 c5 2. Nf3 d6 3. d4 cxd4 4. Nxd4 Nf6 5. Nc3 g6 6. Be3 Bg7 7. f3 O-O 8. Qd2
Nc6 9. Bc4 Bd7 10. O-O-O Ne5 11. Bb3 Qa5 12. h4 Rfc8 13. Kb1 Nc4 14. Bxc4 Rxc4
15. g4 Rac8 16. Nb3 Qc7 17. e5 Ne8 18. Nd5 Qd8 19. exd6 Nxd6 20. c3 Bc6 21.
Rhe1 Bxd5 22. Qxd5 Qc7 23. Bg5 Bf8 24. h5 e6 25. Qd2 Nb5 26. hxg6 hxg6 27. Rh1
Bg7 28. Bd8 Qe5 29. Rhe1 Qf4 30. Qd7 Qxf3 31. Qxb5 Qxg4 32. Qe8+ Bf8 33. Rh1
Qe4+ 34. Ka1 Qe5 35. Rh7 R4c7 36. Rdh1 1-0

[Event "Hoogeveen Open"]
[Site "Hoogeveen"]
[Date "2008.10.18"]
[Round "2"]
[White "L'Ami, Erwin"]
[Black "Dal Borgo, Albin"]
[Result "1-0"]
[WhiteElo "2610"]
[BlackElo "2210"]
[PlyCount "43"]
[EventDate "2008.??.??"]

1. d4 d5 2. c4 c6 3. Nc3 dxc4 4. e3 b5 5. a4 b4 6. Ne4 Qd5 7. Nd2 c3 8. bxc3
bxc3 9. Nb1 Qa5 10. Qc2 Na6 11. Ba3 Nb4 12. Bxb4 Qxb4 13. Nxc3 Bf5 14. Bd3 Bxd3
15. Qxd3 Nf6 16. Nf3 e6 17. O-O Be7 18. Ne5 Rc8 19. Qa6 O-O 20. Nxc6 Qd6 21.
Nxe7+ Qxe7 22. Nb5 1-0

[Event "Hoogeveen Open"]
[Site "Hoogeveen"]
[Date "2008.10.18"]
[Round "2"]
[White "Naumkin, Igor"]
[Black "Rooda, Kai"]
[Result "1-0"]
[WhiteElo "2506"]
[BlackElo "2141"]
[PlyCount "77"]
[EventDate "2008.??.??"]

1. d4 d5 2. c4 e6 3. Nc3 Nf6 4. Nf3 Be7 5. Bg5 O-O 6. e3 Nbd7 7. Rc1 c6 8. Bd3
Re8 9. O-O h6 10. Bh4 Nf8 11. Qe2 dxc4 12. Bxc4 Ng6 13. Bg3 Bd6 14. Ne5 Nf8 15.
f4 Qe7 16. f5 N8h7 17. e4 Bxe5 18. dxe5 Nd7 19. fxe6 fxe6 20. Qh5 Rf8 21. Kh1
b5 22. Bb3 Bb7 23. Bh4 Qe8 24. Qg4 Rxf1+ 25. Rxf1 Nxe5 26. Qxe6+ Qxe6 27. Bxe6+
Kh8 28. b4 Re8 29. Bb3 Bc8 30. Rd1 Nf6 31. Rd6 Kh7 32. h3 Nh5 33. Ne2 a6 34.
Nd4 Nf4 35. Bg3 Nfd3 36. a3 Bb7 37. Nf3 Re7 38. Bc2 Rd7 39. Rxd7 1-0

[Event "Hoogeveen Open"]
[Site "Hoogeveen"]
[Date "2008.10.18"]
[Round "2"]
[White "Pruijssers, Roeland"]
[Black "Ducarmon, Quinten"]
[Result "1-0"]
[WhiteElo "2458"]
[BlackElo "2083"]
[PlyCount "49"]
[EventDate "2008.??.??"]

1. e4 c5 2. Nf3 d6 3. d4 cxd4 4. Nxd4 Nf6 5. Nc3 a6 6. Be3 e5 7. Nb3 Be6 8. f3
Be7 9. Qd2 O-O 10. O-O-O Nbd7 11. g4 b5 12. g5 b4 13. Ne2 Ne8 14. f4 a5 15. f5
a4 16. fxe6 axb3 17. exf7+ Rxf7 18. Kb1 Rxa2 19. Nc1 Qa8 20. Nxb3 Kh8 21. Bc4
Rf8 22. Rhf1 Nc7 23. Rxf8+ Bxf8 24. Qf2 d5 25. Rxd5 1-0